00556cam a22002051i 4500001001300000003000400013005001700017008004100034010001700075035002000092040002100112042001200133050001900145100002300164245005800187260003700245300003000282752002100312999001700333he 67000354 DLC20260227111444.0861002s1966 is c 000 1 yid  ahe 67000354  a(OCoLC)19304841 aDLCcMHdCUdDLC apremarc00aPJ5129.G45bO91 aGevirtzman, Riwka.10aOyfn bergl in Negev :broman /cRivḳe Geṿirtsman. a[Tel-Aviv] :bNay lebn,c[1966?] a392 p. :bport. ;c23 cm. aIsraeldTel Aviv c32173d32173